Fast typing - "American Sonnet: 91" - Statistics

General Stats
  • This quiz has been taken 10 times
  • The average score is 5 of 8
Answer Stats
Hint Answer % Correct
the gates of mercy slammed on the right foot. the gates of mercy slammed on the right foot.
100%
there was no choice but to learn to boogaloo. there was no choice but to learn to boogaloo.
100%
they would not permit return and bent a wing. they would not permit return and bent a wing.
100%
those horrid days were not without their pleasure, learning to swear and wearing mock leather so tight eyes bulged those horrid days were not without their pleasure, learning to swear and wearing mock leather so tight eyes bulged
75%
a stolen puff or two behind crack-broken backs and tickled palms in hallways dark, flirtations during choir practice as the body organized itself against the will a stolen puff or two behind crack-broken backs and tickled palms in hallways dark, flirtations during choir practice as the body organized itself against the will
50%
(a mystic gone ballistic, not home but blood on the range) (a mystic gone ballistic, not home but blood on the range)
25%
as one descended on this effed-up breeding hole of greeds—to suffer chronic seeings as one descended on this effed-up breeding hole of greeds—to suffer chronic seeings
0%
was’t hunger or holiness spurred the sighting? was’t hunger or holiness spurred the sighting?
0%
No matching quizzes found
Score Distribution
Percent of People with Each Score
Percentile by Number Answered
Your Score History
You have not taken this quiz